• 首页
  • 本馆介绍
  • 公告通知
  • 最新文献
  • 馆藏检索
  • 电子资源
  • 读者导购
  • 参考咨询
  • 我的图书馆
  • 登录
  • 详细信息显示
  • 放入我的书架
  • 预约/预借图书
  • 作者相关作品
  • 分类相关作品
  • 丛书相关作品
  • 出版社相关作品

书目信息

  • 表格格式
  • 工作单格式
  • 卡片格式
题名:
社会主义的过去、现在和未来
    
 
作者: 高放 著
分册:  
出版信息: 北京   北京出版社  1982.01
页数: 314页
开本: 20cm
丛书名:
单 册:
中图分类: D04
科图分类:
主题词: 社会主义革命--理论 , 无产阶级专政--理论 , 社会主义革命--关系--无产阶级专政
电子资源:
ISBN:
000 00647nam0 2200229 45
001 0303060927
005 20050324172441.2
010    @dCNY0.83
091    @a3071.346
100    @a20030306d1982 km y0chiy0120 ea
101 0  @achi
105    @a z 000yy
200 1  @a社会主义的过去、现在和未来@AShe Hui Zhu Yi De Guo Qu、Xian Zai He Wei Lai@f高放著@FGao Fang Zhu
210    @a北京@c北京出版社@d1982.01
215    @a314页@d20cm
606 0  @a社会主义革命@x理论
606 0  @a无产阶级专政@x理论
606 0  @a社会主义革命@x关系@x无产阶级专政
690    @aD04@v3
701  0 @a高放@4著
801    @aCN@bTSTC@c20030306
905    @dD04@e6@f1@b64285
    
    社会主义的过去、现在和未来/高放著.-北京:北京出版社,1982.01
    314页;20cm
    
    
    ISBN :CNY0.83
    
●
相关链接 在E读中查询图书 在五车中查询图书 在当当中查询图书 在豆瓣中查询图书


正题名:社会主义的过去、现在和未来     索取号:D04/6         预约/预借

序号 登录号 条形码 馆藏地/架位号 状态 备注
1 0064285   002030581   第一样本阅览室/ [索取号:D04/6] 在馆    
2 0064286   001759939   密集书库/ [索取号:D04/6] 在馆    
3 0064287   001020193   第一借阅区/ [索取号:D04/6] 在馆    
唐山师范学院图书馆 欢迎您!
大连网信软件有限公司© 版权所有